000 00612nam a22001937a 4500
005 20251108164229.0
008 250721s1986 xx 000 0 ara d
082 1 4 _a916.2/فول
100 1 _aفولكف، أولج
245 1 0 _aالقاهرة :
_bمدينة ألف ليلة و ليلة 969-1969 /
264 1 _aالقاهرة :
_bالهيئة المصرية العامة،
_c1986.
300 _a159 ص
490 0 _aالألف كتاب الثاني ؛12
650 1 7 _aالقاهرة
650 1 7 _aالجغرافيا
700 1 _aصليحة، أحمد
_eترجمة
942 _2ddc
_cBK
999 _c6958
_d6958